000 00359nam a2200133Ia 4500
005 20260328104245.0
008 260328s9999||||xx |||||||||||||| ||und||
100 _aJohnson, Elaine L.
245 0 _aGrabados de Pintores y Escultores Contemporáneos /
_cElaine L. Johnson
260 _bThe Museum of Modern
300 _a51 p.
650 _aARTE
942 _cBK
999 _c10052
_d10052